Word Ladder: Cat Actions Quiz Stats

Quiz Updated Mar 2, 2018

Also try: Word Ladder: Cats
Challenge
Share
Tweet
Embed
Score 0/22 Timer 02:00
0 Plays Today
Clue 4-Letter Word % Correct
♦ Drink for a cat ♦♦MILK♦
95.8%
Wahlberg, Ruffalo, etc.MARK
93%
1.6 kmMILE
93%
Place with trees and grassPARK
91.3%
A set of vertical bedsBUNK
91.2%
Not differentSAME
91%
Alien who lived with MindyMORK
90.7%
Fine fabricSILK
90.7%
Green citrusLIME
89.7%
♦ Sound from a cat ♦ ♦PURR♦
87.5%
Weak, like a jokeLAME
87.4%
Clue 4-Letter Word % Correct
Where big bargains can be hadSALE
85%
Buddhism followerMONK
84.5%
Like a tom catMALE
83.6%
Whinge, whine, or poutSULK
82.4%
A large amount of somethingBULK
82%
To knock, whack, or bumpBONK
81.3%
Bob the IncrediblePARR
77.5%
FlaccidLIMP
73.5%
Move liquid by mechanical actionPUMP
57.1%
Businessman in the industry of solicitingPIMP
57%
♦ What a cat does well ♦♦JUMP♦
41.3%

Today's Daily Dose

Word Ladder
Paul Newman

On This Day
April 21st II

You're not logged in!

Compare scores with friends on all Sporcle quizzes.
Sign Up with Email
OR
Log In

You Might Also Like...

Show Comments

Extras

Top Quizzes Today


Score Distribution

Your Account Isn't Verified!

In order to create a playlist on Sporcle, you need to verify the email address you used during registration. Go to your Sporcle Settings to finish the process.

Report this User

Report this user for behavior that violates our Community Guidelines.

Details: